Progressive Geography Test #9 - Statistics

General Stats
  • This quiz has been taken 1,528 times
  • The average score is 11 of 20
Answer Stats
Hint Answer % Correct
What is the capital of city of Japan? Tokyo
100%
Which country shares Mount Everest with Nepal? China
97%
In which country does the Pope reside? Vatican City
97%
Name a colour on the flag of Russia. White | Blue | Red
97%
What is the largest country bordering the Mediterranean Sea? Algeria
92%
What is the official language of Denmark? Danish
91%
What is the most populous Canadian province? Ontario
85%
And what is the capital city of that province? Toronto
83%
Which European city was formerly known as Constantinople? Istanbul
73%
And what is the name of the body of water that splits that city? Bosporus
57%
By urban area, what is the most populated city in the world? Guangzhou/Shenzhen
50%
Who was the leader of Iraq during the Gulf War? Saddam Hussein
44%
In which Swiss city is the Red Cross headquartered? Geneva
36%
The Kaliningrad Oblast borders which body of water? Baltic Sea
35%
Which countries' flag is almost identical to Romania's? Chad
31%
Which country produces the most cocoa? Ivory Coast
26%
Which European country has the highest number of lakes? Finland
23%
Which major urban area (over 1M) has the highest current growth rate? Dubai
5%
The Åland Islands are found in what gulf? Gulf of Bothnia
3%
In which South African city would you find the Warmbaths Forever Resort? Bela-Bela
1%
No matching quizzes found
Score Distribution
Percent of People with Each Score
Percentile by Number Answered
Your Score History
You have not taken this quiz